| 000 | 00642nam a22002297a 4500 | ||
|---|---|---|---|
| 003 | OSt | ||
| 005 | 20220107122846.0 | ||
| 008 | 190114b xxu||||| |||| 00| 0 eng d | ||
| 020 | _a9780199485673 | ||
| 040 | _cIIITMK | ||
| 082 | _a005.133C++ THA/O | ||
| 100 |
_aThareja, Reema _915147 |
||
| 245 |
_aObject oriented programmin with C++ _cReema Thareja |
||
| 260 |
_aNew Delhi, _bOxford University Press, _c2018. |
||
| 300 | _axvi, 783p. | ||
| 650 |
_aCOMPUTER SCIENCE _916732 |
||
| 650 |
_aCOMPUTER PROGRAMMING _916733 |
||
| 650 |
_aOBJECT ORIENTED PROGRAMMING _916734 |
||
| 650 |
_aOOP _916735 |
||
| 650 |
_aC++ _916736 |
||
| 942 |
_2ddc _cBK |
||
| 999 |
_c6304 _d6304 |
||